Έρευνα για την στρατηγική των ξενοδοχειακών μονάδων στο Νομό Χίου : διπλωματική εργασία

Saved in:
Bibliographic Details
Main Author: Ταράνης, Χρήστος
Corporate Author: Πανεπιστήμιο Αιγαίου Σχολή Επιστημών της Διοίκησης Τμήμα Διοίκησης Επιχειρήσεων Πρόγραμμα Μεταπτυχιακών Σπουδών στη Διοίκηση Επιχειρήσεων - M.B.A
Other Authors: Στογιαννίδου, Μαριάνθη (Thesis advisor)
Format: Thesis Book
Language:Greek
Published: 2005
Subjects:
Tags: Add Tag
No Tags, Be the first to tag this record!

MARC

LEADER 00000cam a2200000 i 4500
001 1/22952
008 060126s2005 gre d
035 |l 10082288 
040 |a GR-MY-UA  |b gre  |e aacr 
041 0 |a gre 
082 0 |a 658.4012  |2 (22) 
100 1 |a Ταράνης, Χρήστος. 
245 1 0 |a Έρευνα για την στρατηγική των ξενοδοχειακών μονάδων στο Νομό Χίου :  |b διπλωματική εργασία /  |c Ταράνης Χρήστος ; επιβλέπουσα Στογιαννίδου Μαριάνθη 
260 |c 2005 
300 |a 108 σ.;  |b διαγρ., εικ.;  |c 30 εκ. 
502 |a Διατριβή (μεταπτυχιακή) – Πανεπιστήμιο Αιγαίου, Χίος, 2005. 
504 |a Περιλαμβάνει βιβλιογραφία 
610 2 0 |a Πανεπιστήμιο Αιγαίου. 
650 0 0 |a Strategic planning  |v Case studies. 
650 0 0 |a Business planning  |x Case studies. 
650 0 0 |a Hospitality industry  |z Greece  |z Chios (Nome) 
650 0 0 |a Dissertations, Academic  |z Greece. 
700 1 |a Στογιαννίδου, Μαριάνθη.  |4 ths 
710 1 |a Πανεπιστήμιο Αιγαίου  |b Σχολή Επιστημών της Διοίκησης  |b Τμήμα Διοίκησης Επιχειρήσεων  |b Πρόγραμμα Μεταπτυχιακών Σπουδών στη Διοίκηση Επιχειρήσεων - M.B.A. 
852 |a INST  |b CHIOS  |c DIATR  |e 20060126  |h 658.4012 ΤΑΡ  |p 005200024307  |q 005200024307  |t MTXE  |y 23 
852 |a INST  |b CHIOS  |c DIATR  |e 20060126  |h 658.4012 ΤΑΡ  |p 005200024308  |q 005200024308  |t MTXE  |y 23 
901 |a BIBL2-2006-1 
909 |a Χ  |b 106644 
909 |a Χ  |b 106686 
924 |a ΤΑΡΑΝΗΣ  |b ΧΡΗΣΤΟΣ  |y ΧΙΟΣ  |z 2005-11 
970 |a ΒΑΣΙΛΑΚΗ  |b ΝΙΚΗ  |z 2006/01/26